| 000 | 00391nam a2200145Ia 4500 | ||
|---|---|---|---|
| 008 | 230312s9999||||xx |||||||||||||| ||und|| | ||
| 020 | _a9780495897798 | ||
| 082 |
_a775 _bWAR-D |
||
| 100 | _aBeda,Joe | ||
| 245 | 0 | _aKubernetes : up and running : dive into the future of infrastructure | |
| 260 |
_bCengage _aUSA _c2013 |
||
| 300 | _a207 | ||
| 650 |
_aComputer _vmage processing |
||
| 942 | _cBK | ||
| 999 |
_c17539 _d17539 |
||